000 004160000a22001810004500
003 MACL
005 20160129153933.0
008 160129b xxu||||| |||| 00| 0 eng d
040 _aMACL
_cMACL
041 _aEnglish
082 _a823/MOR
100 _aMorrell, David
_935535
245 _aLong Lost
260 _bHeadline
_c2002
_aLondon
350 _a235
650 _aFiction
_935536
942 _cBK
_k823/MOR
_2ddc
999 _c32033
_d32033